Central Library OPAC University of Rajshahi

Reclamation of surface-mined lands / (Record no. 5486)

MARC details
000 -LEADER
fixed length control field 00924cam a2200289 a 4500
001 - CONTROL NUMBER
control field 5486
003 - CONTROL NUMBER IDENTIFIER
rucl marc code BD-RjUL
005 - DATE AND TIME OF LATEST TRANSACTION
control field 20211208234056.0
008 - FIXED-LENGTH DATA ELEMENTS--GENERAL INFORMATION
fixed length control field 131226s1988 flua b 001 0 eng
020 ## - INTERNATIONAL STANDARD BOOK NUMBER
International Standard Book Number 0849357020 (set)
International Standard Book Number 0849357039 (v. 1)
International Standard Book Number 0849357047 (v. 2)
035 ## - SYSTEM CONTROL NUMBER
System control number (BD-RjUL)5522
040 ## - CATALOGING SOURCE
Original cataloging agency DLC
Transcribing agency DLC
Modifying agency DLC
-- BD-RjUL
Language of cataloging eng
041 ## - LANGUAGE CODE
Language code of text/sound track or separate title eng
082 00 - DEWEY DECIMAL CLASSIFICATION NUMBER
Classification number 333.73
Edition number 19
Author mark and year REC 1988
245 00 - TITLE STATEMENT
Title Reclamation of surface-mined lands /
Statement of responsibility, etc. editor, Lloyd R. Hossner.
Number of part/section of a work Volume I
260 ## - PUBLICATION, DISTRIBUTION, ETC. (IMPRINT)
Place of publication, distribution, etc. Boca Raton, Fla. :
Name of publisher, distributor, etc. CRC Press,
Date of publication, distribution, etc. c1988.
300 ## - PHYSICAL DESCRIPTION
Pagination 2 v. :
Illustrations ill. ;
Size 26 cm.
504 ## - BIBLIOGRAPHY, ETC. NOTE
Bibliography, etc Includes bibliographies and indexes.
650 #0 - SUBJECT ADDED ENTRY--TOPICAL TERM
Topical term or geographic name as entry element Coal mines and mining
General subdivision Environmental aspects.
9 (RLIN) 11971
Topical term or geographic name as entry element Strip mining
General subdivision Environmental aspects.
9 (RLIN) 11972
Topical term or geographic name as entry element Abandoned mined lands reclamation.
9 (RLIN) 17201
700 1# - ADDED ENTRY--PERSONAL NAME
Personal name Hossner, L. R.
942 ## - ADDED ENTRY ELEMENTS (KOHA)
Source of classification or shelving scheme Dewey Decimal Classification
Koha item type Books
Holdings
Lost status Source of classification or shelving scheme Damaged status Not for loan Collection code Permanent Location Current Location Date acquired Source of acquisition Cost, normal purchase price Total Checkouts Full call number Date last seen Copy number Koha item type Shelving location
  Dewey Decimal Classification   Not For Loan Non-fiction Central Library, University of Rajshahi Central Library, University of Rajshahi 08/01/1990 Asia Foundation 0.00   333.73 REC 1988 26/12/2013 C-1 Books  
  Dewey Decimal Classification     Non-fiction Central Library, University of Rajshahi Central Library, University of Rajshahi 08/01/1990       333.73 REC V-2 1988 27/06/2016 C-2 Books